000 00311nam a22001337a 4500
008 170215b xxu||||| |||| 00| 0 eng d
020 _a9780071635158
041 _aeng
080 _213TH
_a61
100 _a4
101 _aSHM
245 _aCURRENT DIAGNOSIS & TREATMENT SURGERY
_cDOHERTY, G.M
942 _2udc
_cBK
999 _c5609
_d5609